PHYSICS FOR SCIENTISTS&ENGINEERS WITH MODREN PHYSICS (Record no. 33145)

MARC details
000 -LEADER
fixed length control field 00500nam a22001937a 4500
005 - DATE AND TIME OF LATEST TRANSACTION
control field 20230726100946.0
008 - FIXED-LENGTH DATA ELEMENTS--GENERAL INFORMATION
fixed length control field 230726b |||||||| |||| 00| 0 eng d
020 ## - INTERNATIONAL STANDARD BOOK NUMBER
ISBN 9780495385745
082 ## - DEWEY DECIMAL CLASSIFICATION NUMBER
Classification number 530
Item number JEW-P
100 ## - MAIN ENTRY--AUTHOR
Author Name JEWETT,SERWAY
245 ## - TITLE STATEMENT
Title PHYSICS FOR SCIENTISTS&ENGINEERS WITH MODREN PHYSICS
250 ## - EDITION STATEMENT
Edition statement 7th.ed.
260 ## - PUBLICATION, DISTRIBUTION, ETC.
Place of Publication USA
Name of publisher, distributor, etc. BROOKS/COLE CENGAE Learning
Date of publication, distribution, etc. 2005
300 ## - PHYSICAL DESCRIPTION
Pages 1392
500 ## - GENERAL NOTE
General note include index
650 ## - SUBJECT ADDED ENTRY--TOPICAL TERM
Subject / Department Engineering
700 ## - ADDED ENTRY--PERSONAL NAME
Personal name SERWAY JEWETT
952 ## - LOCATION AND ITEM INFORMATION (KOHA)
-- 0
-- 0
Holdings
Lost status Damaged status Permanent Location Current Location Shelving Location Date acquired Full Call Number Accession No./Barcode Date last seen item type
    Superior Information Resource Center (SIRC) Superior University- Main Campus Superior Information Resource Center (SIRC) Superior University- Main Campus Engineering 07/26/2023 530 JEW-S 2008 20261 07/26/2023 BOOK

Powered by Koha